000 01441nam a2200361 c 4500
003 BLK
005 20240612151345.0
008 180409b bul|||||r ||||||| ||bul||
010 _aKNG00131799000
040 _aBLK
041 _aBUL
_cBUL
080 _aБог. Деизъм. Теизъм. Атеизъм. Свободомислие. Вж и 122; 125; 141. 132;231; 234; 239; 272/273; 291. 2
_b211
_x
_z211
100 1 _aБеляев, Константин Иванович
_eпърви автор
_9319855
700 _aКойчева, Катя Атанасова
_d1926 - 1993
_gПреводач от руски език
_9281153
139 _aБеляев, Константин Иванович
_bБ 36
245 1 0 _aРелигия и бит
_cКонстантин Иванович Беляев; прев. от рус. Катя Атанасова Койчева.
257 _aSUN
260 София
_bПрофиздат
_c1959
300 _a72 с.
_c18 см
380 _a2
490 1 _aНаучно-атеистични знания
500 _a10 100 тир.
650 4 _aРелигия
_9169291
650 4 _aБит
_9148764
653 _aрелигия
653 _aбит
852 _aЦб I 3015
856 4 _qpdf
_u
856 4 _qpdf
_u
942 _cKNG
_n0
944 _aCR
_c28.06.2012
_lГеновева Генчева
_k30560
944 _aED
_c28.06.2012
_l28.06.2012 - от С1,Р / 28.06.2012
_k
999 _c126120
_d126120